| 000 | 00642nam a2200241Ia 4500 | ||
|---|---|---|---|
| 003 | OSt | ||
| 005 | 20220918202915.0 | ||
| 006 | a|||||r|||| 00| 0 | ||
| 007 | ta | ||
| 008 | 220917b |||||||| |||| 00| 0 eng d | ||
| 024 | _a104,758 | ||
| 037 | _cTextual | ||
| 040 |
_aARTS _cARTS _beng |
||
| 041 |
_2eng _aeng |
||
| 082 | _aV2N5:28, K9 | ||
| 100 |
_aJagannadham V _9105330 |
||
| 245 | 0 | _aCitizen, administration and lokpal | |
| 260 |
_aDelhi _bS Chand _c1969 |
||
| 650 | _aHISTORY | ||
| 700 |
_a Makhija H R _9105844 |
||
| 942 |
_hV2N5:28, K9 _cTEXL _2CC |
||
| 999 |
_c228119 _d228119 |
||